Jak nejlépe do Evropy? Bohatý zdroj informací - EURO - INFO 92.
Význam informácií pre vznik a fungovanie spoločnej Európy 1992. Vznik a fungovanie už asi 200 Euro-info-centier v členských krajinách ES. Prvé Euro-Info 92 v ČSFR v Prahe v budove Federálneho ministerstva hospodárstva. Možnosti interaktívneho prístupu a využívania európskych báz dát napr. CELEX - le...
Salvato in:
| Autore principale: | |
|---|---|
| Natura: | Capitolo di libro |
| Lingua: | ceco |
| Soggetti: | |
| Tags: |
Nessun Tag, puoi essere il primo ad aggiungerne!!
|
MARC
| LEADER | 00000naa a2200000 4500 | ||
|---|---|---|---|
| 001 | r004389 | ||
| 005 | 20221125081145.9 | ||
| 041 | 0 | |a cze | |
| 044 | |a [CS] | ||
| 245 | 1 | 0 | |a Jak nejlépe do Evropy? |b Bohatý zdroj informací - EURO - INFO 92. |c M. Sígl |
| 520 | |a Význam informácií pre vznik a fungovanie spoločnej Európy 1992. Vznik a fungovanie už asi 200 Euro-info-centier v členských krajinách ES. Prvé Euro-Info 92 v ČSFR v Prahe v budove Federálneho ministerstva hospodárstva. Možnosti interaktívneho prístupu a využívania európskych báz dát napr. CELEX - legislatíva krajín ES. TED - ponuky zákazok na práce a služby, SCAD - bibliografická báza dát z oblasti ekonomiky, politiky, práva a iné. | ||
| 610 | 2 | 0 | |a západná Európa |
| 610 | 2 | 0 | |a 1992 |
| 610 | 2 | 0 | |a báza dát |
| 610 | 2 | 0 | |a CELEX |
| 610 | 2 | 0 | |a TED |
| 610 | 2 | 0 | |a SCAD |
| 610 | 2 | 0 | |a informácie |
| 100 | 1 | |a Sígl, M. | |